WILEY INTERNATIONAL ENCYCLOPEDIA OF MARK (Record no. 23297)

MARC details
000 -LEADER
fixed length control field 00388nam a2200145Ia 4500
008 - FIXED-LENGTH DATA ELEMENTS--GENERAL INFORMATION
fixed length control field 240624s9999 xx 000 0 und d
041 ## - LANGUAGE CODE
Language code of text/sound track or separate title eng
082 ## - DEWEY DECIMAL CLASSIFICATION NUMBER
Classification number 658.8 SHE
100 ## - MAIN ENTRY--PERSONAL NAME
Personal name SHETH JAGDISH N
245 ## - TITLE STATEMENT
Title WILEY INTERNATIONAL ENCYCLOPEDIA OF MARK
260 ## - PUBLICATION, DISTRIBUTION, ETC.
Date of publication, distribution, etc. 2011
Place of publication, distribution, etc. United Kingdom
Name of publisher, distributor, etc. Wiley (John Wiley & Sons)
300 ## - PHYSICAL DESCRIPTION
Extent xv, : 239 : p. : cm. ; 25
365 ## - TRADE PRICE
Currency code
Price amount 28
440 ## - SERIES STATEMENT/ADDED ENTRY--TITLE
Volume/sequential designation 4
Holdings
Withdrawn status Lost status Damaged status Not for loan Home library Current library Shelving location Date acquired Source of acquisition Cost, normal purchase price Full call number Barcode Date last seen Copy number Price effective from Koha item type
        IMTN IMTN Rack 36-A 09/30/2014 RW 1100.00 658.8 SHE 23297 06/24/2024 64.2 06/24/2024 Books
Designed & Maintained by: LRC IMT Nagpur Contact: lrc@imtnag.ac.in© 2024. All Rights Reserved.